[Event "ISL-chT 1415"]
[Site "Reykjavik"]
[Date "2014.10.05"]
[Round "5.4"]
[White "Arnason, Jon Loftur"]
[Black "Sigurpalsson, Runar"]
[Result "1/2-1/2"]
[WhiteElo "2502"]
[BlackElo "2249"]
[PlyCount "160"]
[EventDate "2014.10.02"]
[EventType "team-tourn"]
[EventRounds "9"]
[EventCountry "ISL"]
[SourceTitle "EXT 2015"]
[Source "ChessBase"]
[SourceDate "2014.11.20"]
[SourceVersion "1"]
[SourceVersionDate "2014.11.20"]
[SourceQuality "1"]
[WhiteTeam "Bolungarvik"]
[BlackTeam "Akureyri"]
[WhiteTeamCountry "ISL"]
[BlackTeamCountry "ISL"]

1. e4 Nf6 2. e5 Nd5 3. d4 d6 4. Nf3 Bg4 5. Be2 e6 6. 0-0 dxe5 7. Nxe5 Bxe2 8. Qxe2 Nd7 9. c4 N5b6 10. Nf3 Be7 11. Re1 c6 12. Nc3 0-0 13. Bf4 Re8 14. Rad1 Nf8 15. Ne4 Bb4 16. Rf1 f5 17. Nc5 Qe7 18. Bg5 Qc7 19. Nd3 Be7 20. Bxe7 Rxe7 21. Nfe5 Rd8 22. Nc5 Nc8 23. Rfe1 Nd6 24. Qe3 Ree8 25. h4 Nf7 26. Qg3 Nxe5 27. Rxe5 b6 28. Nb3 Qf7 29. Rde1 Ng6 30. R5e2 Nf8 31. Qf3 Qd7 32. g3 h6 33. Re5 Ng6 34. R5e3 Nf8 35. Qe2 Qf7 36. Re5 Qb7 37. Rd1 Qf7 38. Re1 Qb7 39. Qe3 Kf7 40. Re2 Qd7 41. Qf3 Kg8 42. d5 cxd5 43. cxd5 exd5 44. Nd4 Rxe5 45. Rxe5 Ng6 46. Rxf5 Ne7 47. Re5 Nc6 48. Nxc6 Qxc6 49. Re7 Rf8 50. Qe3 Rf7 51. Re8+ Rf8 52. Qe6+ Qxe6 53. Rxe6 Rd8 54. Re7 d4 55. Kf1 d3 56. Ke1 Rc8 57. Rxa7 Rc2 58. b4 Re2+ 59. Kd1 Rxf2 60. b5 Rb2 61. a4 Ra2 62. h5 Kh7 63. Ra6 Kg8 64. Rxb6 Rxa4 65. Kd2 Ra3 66. Rd6 Rb3 67. b6 Kf8 68. g4 Kg8 69. Ke3 Kh7 70. Kd4 d2 71. Kc5 Rc3+ 72. Kb5 Rb3+ 73. Kc6 Rc3+ 74. Kd7 Rb3 75. Kc7 Rc3+ 76. Kb7 Rc2 77. Rd8 Ra2 78. Kc7 Rc2+ 79. Kb8 Rb2 80. b7 Rc2 1/2-1/2

[Event "ISL-chT 1314"]
[Site "Reykjavik"]
[Date "2014.03.01"]
[Round "8.2"]
[White "Stefansson, Hannes"]
[Black "Arnason, Jon Loftur"]
[Result "1/2-1/2"]
[WhiteElo "2521"]
[BlackElo "2502"]
[PlyCount "55"]
[EventDate "2013.10.10"]
[EventType "team-tourn"]
[EventRounds "9"]
[EventCountry "ISL"]
[SourceTitle "EXT 2015"]
[Source "ChessBase"]
[SourceDate "2014.11.20"]
[SourceVersion "1"]
[SourceVersionDate "2014.11.20"]
[SourceQuality "1"]
[WhiteTeam "Vikingaklubburinn"]
[BlackTeam "Bolungarvik"]
[WhiteTeamCountry "ISL"]
[BlackTeamCountry "ISL"]

1. d4 Nf6 2. c4 e6 3. Nf3 b6 4. g3 Bb7 5. Bg2 g6 6. Nc3 Ne4 7. Qc2 Nxc3 8. Qxc3 Bg7 9. Bg5 Qc8 10. 0-0 0-0 11. Qd2 d6 12. Bh6 Nd7 13. Bxg7 Kxg7 14. d5 Nf6 15. Bh3 Qd7 16. Qc3 Rae8 17. Nd4 c5 18. dxc6 Bxc6 19. Rfd1 Rc8 20. Rac1 Rfd8 21. Qa3 Qe7 22. b3 Rd7 23. Nxc6 Rxc6 24. Bg2 Rc5 25. Rd2 d5 26. cxd5 Rc2 27. d6 Rxc1+ 28. Qxc1 1/2-1/2